Statistics for Country by Phonetic Spelling #1

Click here to take the quiz!

General Stats

  • This quiz has been taken 1,816 times
    (1,799 since last reset)
  • The average score is 18 of 20

Answer Stats

Phonetic SpellingEnglish Spelling% Correct
bɹəˈzɪlBrazil
97%
indiˑəIndia
97%
fɹɑːnsFrance
96%
saʊdi əˈreɪbi.əSaudi Arabia
95%
suˈðanSudan
95%
taɪlændThailand
95%
ɑfˈxaːniˌstɑnAfghanistan
93%
iː.dʒɪptEgypt
93%
ɪn.dəˈni.ʒəIndonesia
91%
juːˌnaɪ.tɪd ˈsteɪts ʌv əˈmɛrɪkəUnited States of America
91%
ɑɹ.dʒənˈti.nəArgentina
90%
kæn.ə.dəCanada
88%
juːˌnaɪ.tɪd ˈkɪŋ.dəmUnited Kingdom
87%
kɑzəkˌstænKazakhstan
86%
mɛk.sɪ.koʊMexico
86%
dʒəˈpænJapan
81%
ɔˈstɹeɪ.li.əAustralia
79%
saɪ.pɹəsCyprus
76%
dʒɝ.mə.niGermany
75%
tʃʌɪnəChina
59%

Score Distribution

Percentile by Number Answered

Percent of People with Each Score

Your Score History

You have not taken this quiz since the last reset